000 01163nam a22003737a 4500
001 000058713
003 CHAP
005 20220329140805.0
008 971013s r 00010 d
010 _a57647
011 _a58619
035 _a62774
040 _cCHAP
082 _a633.1523
_bA26
110 _aAgencia para el Desarrollo Internacional
_91116
245 0 _aAnnual report on the inheritance and improvement of protein quality and content in maize.
260 _aWashington :
_bADI,
_c19 -.
300 _av.
500 _aLa biblioteca tiene : 1970-71, 1975-76
590 _aBATCH-UPD
_b10
_c20130110
_lUCH01
_h1720
590 _aBATCH-UPD
_b10
_c20130410
_lUCH01
_h1104
590 _aBATCH-UPD
_b10
_c20130914
_lUCH01
_h1753
590 _aCONVERSION
_b10
_c20130109
_lUCH01
_h1331
590 _aE11695DGD
_b10
_c20150611
_lUCH01
_h1229
590 _aE11695DGD
_b10
_c20150611
_lUCH01
_h1322
650 1 4 _aMaíz opaco.
_971117
650 1 4 _aMaíz
_xComposición.
_970908
650 1 4 _aMaíz
_xGenética.
_970963
650 1 4 _aMaíz
_xMejoramiento.
_971006
650 1 4 _aMaíz
_xProteínas.
_971043
901 _aBK
942 _cLIBRO
942 _n0
999 _c57647
_d57647